000 00300nam a2200121Ia 4500
008 240731s9999 xx 000 0 und d
022 _a1875-5941
245 0 _aVeterinary Quarterly
260 _bTaylor & Francis
856 _uhttps://www.tandfonline.com/loi/tveq20
942 _2ddc
942 _cTFEJ
999 _c80248
_d80248
945 _a1
_bMadushi Gamage
_c1
_dMadushi Gamage